01636naa a22003497a 4500001001000000003000900010005001700019007000300036008003400039040005400073041000900127072003100136090001800167100002200185111008000207245005200287246005900339246005600398260003600454500017700490650001100667650001300678650002000691650002600711650002400737650002800761773027900789909003601068942001401104999001901118952014901137BR8805569BR-BrBNA20240918180309.0ta230509b bl.||||| |||| 00| 0 por d aBR-BrBNAbporcBiblioteca Nacional de Agricultura a(Pt) aL02; F01b5212b1950b1930 aL02 BR88055691 aAbramides, P.L.G.1 a2. Simposio sobre Producao AnimalcNova Odessa, SP (Brazil)d17-19 Jun 19861 aDesempenho de bovinos em pastagens consorciadas1 a[Performance of bovines in multiple cropping pastures]1 a[Annals of the 2nd Conference on Animal Production]3 aCampinas, SP (Brasil): c1986.  aBufarah, G.; Nascimento, J. do; Moura, M.P. de; Freitas, M.A.R. de (eds.) Anais do 2. Simposio sobre Producao Animal Campinas, SP (Brasil): 1986. p. 1-16 (BR8805569-AM)L02  aBOVINO aPASTAGEM aNUTRICAO ANIMAL aLEGUMINOSA FORRAGEIRA aGRAMINEA FORRAGEIRA aCONSORCIACAO DE CULTURA0 tAnais do 2. Simposio sobre Producao AnimalaBufarah, G.; Nascimento, J. do; Moura, M.P. de; Freitas, M.A.R. de (eds.). Sociedade Brasileira de Zootecnia, Campinas, SP (Brasil);Instituto de Zootecnia, Campinas, SP (Brasil)wL02 BR8805569gCampinas, SP (Brasil), 1986. p. 1-16 a202404bLuciac55dLucia Elande cAM2AGRIS c319646d319646 002AGRIS40708Acervo Gerala41918b41918cAgrobasel0o5213 BR8805568r2024-05-20t01yAM10d2024-04-11ePortaria Interministerial nÂș 164/94